| 000 | 00360nam a22001577a 4500 | ||
|---|---|---|---|
| 003 | SGT | ||
| 020 | _a978-81-312-2812-8 | ||
| 082 |
_a615 _bP14S |
||
| 100 | _aSHANBHAG, TARA V. | ||
| 245 | _aPHARMACOLOGY PREP MANUAL FOR UNDERGRADUATES | ||
| 250 | _a2ND | ||
| 260 |
_aDELHI _bELSEVIER _c2014 |
||
| 300 | _a524 | ||
| 650 | _aPHARMACOLOGY | ||
| 942 |
_2ddc _cBK _05 |
||
| 999 |
_c8218 _d8218 |
||